| 000 | 00339nam a22001457a 4500 | ||
|---|---|---|---|
| 003 | OSt | ||
| 005 | 20211028091741.0 | ||
| 008 | 211028b |||||||| |||| 00| 0 eng d | ||
| 040 |
_aHU _cDDC |
||
| 082 | _a364 | ||
| 245 | _aDILEMMAS IN CRIMINOLOGY | ||
| 260 |
_aNEW YORK _bMCGRAW-HILL _c1967 |
||
| 300 | _a123,P,15CM | ||
| 942 |
_2ddc _cBOOKS _n0 |
||
| 999 |
_c15380 _d15380 |
||